Word Ladder: Griffin Family's Voice Actors Quiz Stats

Quiz Updated Dec 6, 2015

Challenge
Share
Tweet
Embed
Score 0/34 Timer 04:00
1 Play Today
Clue 4-Letter Word % Correct
• ____ MacFarlane voices Brian, Peter & Stewie •• SETH •
96.8%
• ____ Green voices Chris •• SETH •
96.8%
• ____ Kunis voices Meg •• MILA •
93.1%
____ E. Coyote, Road Runner's antagonistWILE
92%
Villainous 'Star Wars' groupSITH
90.9%
Accompanied byWITH
89.5%
Las Vegas machineSLOT
89.5%
Eight furlongsMILE
89.1%
Chimney accumulationSOOT
86.4%
Large bundle of hayBALE
86%
Water-storing plant, ____ veraALOE
86%
Group of musiciansBAND
86%
Start up a computerBOOT
85.6%
Curve in the roadBEND
84.7%
Having no need for a combBALD
83.2%
Supply with nourishmentFEED
82.3%
Express a desire forWISH
81.9%
Clue 4-Letter Word % Correct
Popular gin flavoringSLOE
81.7%
To move or tighten a muscleFLEX
81.1%
Insightful; prudentWISE
80.8%
Event covered by paparazziGALA
80.8%
Dorothy in 'The Wizard of Oz'GALE
80.7%
Dauntless or daringBOLD
80.6%
'Monster' lizardGILA
80.2%
Crossbow's arrowBOLT
79.6%
Take care of yourselfFEND
79.4%
• ____ Borstein voices Lois •• ALEX •
78.4%
SkedaddledFLED
78.1%
Something to draw before bedtimeBATH
77.1%
Girl's name; Hebrew letterBETH
76.5%
Sheltered spot at seaALEE
72.3%
Word with 'piggy' or 'fog'BANK
70.8%
Party; hit hardBASH
67.9%
Soak up the sunBASK
67.9%

Today's Daily Dose

Missing Word
The Killers Songs

Word Ladder
1967 Film

Quick Pick
Flag Names

On This Day
February 24th II

You're not logged in!

Compare scores with friends on all Sporcle quizzes.
Sign Up with Email
OR
Log In

You Might Also Like...

Show Comments

Extras

Top Quizzes Today


Score Distribution

Your Account Isn't Verified!

In order to create a playlist on Sporcle, you need to verify the email address you used during registration. Go to your Sporcle Settings to finish the process.